000 00518nam a2200181Ia 4500
008 090122s9999 xx 000 0 und d
082 _b12350
100 _aठाकूर
_bदिलीप
245 _aझिंग
260 _bश्रीकल्प
_c2007
300 _a176
501 _aज्ञानदा ग्रंथ वितरण / बि. नं.903-21.11.07
600 _aठाकूर
630 _aझिंग
700 _aठाकूर
730 _aझिंग
942 _cBOOK
999 _c36427
_d36427